| 000 | 00555nam a2200217 a 4500 | ||
|---|---|---|---|
| 001 | BRCA_6233 | ||
| 005 | 20190320205359.0 | ||
| 008 | 190711s1900----sp-#######---#000-0#spa-# | ||
| 041 | _aspa | ||
| 044 | _asp | ||
| 050 | 4 |
_aPQ561 R62 _b.C33 1900 |
|
| 100 | 1 |
_aRobert, Roberto _d1837-1873 _915657 |
|
| 245 | 1 | 0 |
_aLos cachivaches de antaño _cRoberto Robert |
| 260 |
_aValencia, España _bF. Sempere _c[19--?] |
||
| 300 |
_a246 p. _c19 cm. |
||
| 500 | _aI70 | ||
| 650 | 1 | 4 |
_aHistoria _98124 |
| 650 | 1 | 4 |
_aReligión _915573 |
| 902 | _aGFM | ||
| 942 |
_2lcc _cB |
||
| 999 |
_c5920 _d5920 |
||